[Event "Balaguer"]
[Site "?"]
[Date "2006.07.25"]
[Round "9"]
[White "Delchev Aleksander"]
[Black "Burmakin Vladimir"]
[Result "1-0"]
[WhiteElo "2637"]
[BlackElo "2558"]
[PlyCount "53"]
[EventDate "2006.??.??"]
[Source "www.chesslib.no"]
[SourceDate "2004.05.04"]

1. e4 c6 2. d4 d5 3. Nc3 dxe4 4. Nxe4 h6 5. Nf3 Bf5 6. Bd3 e6 7. O-O Nf6 8. Nxf6+ Qxf6 9. c4 Na6 10. Bxf5 Qxf5 11. Qb3 O-O-O 12. Be3 g5 13. Qa4 f6 14. d5 c5 15. b4 exd5 16. bxc5 Qd7 17. Qc2 Bxc5 18. cxd5 Qxd5 19. Rac1 b6 20. Rfd1 Qe6 21. Nd4 Qe5 22. Nc6 Rxd1+ 23. Rxd1 Qe6 24. Qa4 Kc7 25. Qxa6 Kxc6 26. Rc1 Kd5 27. Bxc5 1-0

[Event "GMA-qual f"]
[Site "Moscow RUS"]
[Date "1990.??.??"]
[Round "10"]
[White "Dorfman, Josif D"]
[Black "Seirawan, Yasser"]
[Result "1/2-1/2"]
[WhiteElo "2595"]
[BlackElo "2595"]
[PlyCount "244"]
[EventDate "1990.05.??"]
[Source "www.chesslib.no"]
[SourceDate "2004.05.04"]

1. e4 c6 2. d4 d5 3. Nc3 dxe4 4. Nxe4 Nf6 5. Nxf6+ exf6 6. Bc4 Qe7+ 7. Be2 Qc7 8. Bd3 Be6 9. Ne2 Bd6 10. c4 Na6 11. a3 O-O 12. Qc2 h6 13. Be3 Qd7 14. O-O Nc7 15. Ng3 Bxg3 16. hxg3 b5 17. b3 a5 18. Rfc1 Rfc8 19. a4 bxc4 20. bxc4 Na6 21. Bh7+ Kh8 22. Be4 Nb4 23. Qd2 Re8 24. Bf3 Rad8 25. Rc3 Bg4 26. Kh2 h5 27. Bd1 Bxd1 28. Rxd1 Re6 29. Rh1 f5 30. Kg1 g6 31. Qd1 Kg7 32. Rh4 f6 33. Rh1 Rde8 34. Qd2 Qd6 35. Kh2 g5 36. Kg1 Kg6 37. Qd1 g4 38. Qd2 R6e7 39. Kh2 Re6 40. Rd1 Rd8 41. Bf4 Qe7 42. Re3 Rxe3 43. Qxe3 Qd7 44. Rd2 Re8 45. Qb3 Rd8 46. Rd1 Qh7 47. Kg1 Qe7 48. Qe3 Qd7 49. Qc3 Re8 50. d5 cxd5 51. cxd5 Qxa4 52. Qd2 Qd7 53. d6 Nc6 54. Qd5 Nd8 55. Qxa5 Ne6 56. Bc1 Nf8 57. Kh2 Qh7 58. Rd5 h4 59. Rxf5 h3 60. Rf4 hxg2+ 61. Kxg2 Qb7+ 62. Kg1 Qd7 63. Qd2 Qe6 64. Kg2 Nd7 65. Qd3+ Kg7 66. Bb2 Kh6 67. Qd2 Kg6 68. Qd1 f5 69. Qd3 Kg5 70. Qd4 Rg8 71. Qd2 Kg6 72. Qd4 Kg5 73. Kf1 Kg6 74. Qd2 Rb8 75. Qc2 Kg5 76. Qc3 Rg8 77. Rd4 Kg6 78. Qc2 Nf6 79. Rd1 Rc8 80. Qd2 Rh8 81. Qd4 Rh1+ 82. Kg2 Rxd1 83. Qxd1 Nd7 84. Qd4 Kf7 85. Qg7+ Ke8 86. Qh8+ Kf7 87. Qh7+ Ke8 88. Qh5+ Kf8 89. Kh2 Kg8 90. Qh8+ Kf7 91. Qh7+ Ke8 92. Bg7 Kf7 93. Bc3+ Kf8 94. Qh8+ Kf7 95. Kg1 Nf8 96. Qg7+ Ke8 97. Be5 Nd7 98. Qh8+ Kf7 99. Qh7+ Ke8 100. Bf4 Qe1+ 101. Kg2 Qe4+ 102. Kh2 Qe6 103. Qg7 Nf8 104. Qc3 Kf7 105. Kg1 Nd7 106. Kf1 Qe4 107. Qb3+ Qe6 108. Qb5 Nf6 109. Qb7+ Nd7 110. f3 Qc4+ 111. Kg1 Qe6 112. fxg4 Qe1+ 113. Kh2 Qe2+ 114. Kg1 Qe1+ 115. Kh2 Qe2+ 116. Qg2 Qxg2+ 117. Kxg2 fxg4 118. Kf2 Ke6 119. Ke3 Kd5 120. Kd3 Nc5+ 121. Kd2 N 6 122. Ke3 Nc5 1/2-1/2

[Event "George Marx mem 2nd"]
[Site "Paks"]
[Date "2004.06.12"]
[Round "7"]
[White "Berkes, Ferenc"]
[Black "Portisch, Lajos"]
[Result "1-0"]
[WhiteElo "2613"]
[BlackElo "2573"]
[PlyCount "113"]
[EventDate "2004.05.05"]
[SourceDate "2004.06.16"]

1. e4 c6 2. d4 d5 3. Nc3 dxe4 4. Nxe4 Nf6 5. Nxf6+ exf6 6. Bc4 Qe7+ 7. Qe2 Be6 8. Bb3 Nd7 9. Nf3 Bxb3 10. axb3 Qxe2+ 11. Kxe2 Bd6 12. Be3 a6 13. d5 cxd5 14. Rhd1 O-O-O 15. Rxd5 Bc7 16. b4 Nb6 17. Rc5 Nd5 18. b5 b6 19. Rxd5 Rxd5 20. c4 Rdd8 21. bxa6 Rhe8 22. Kf1 Kb8 23. Nd4 Rd7 24. Nb5 Bd8 25. g3 Ka8 26. b4 Re6 27. Nc3 Rc6 28. c5 bxc5 29. b5 Re6 30. Na4 Rd5 31. Bxc5 Rxc5 32. Nxc5 Re5 33. Rd1 Ba5 34. Nb7 Rxb5 35. Nxa5 Rxa5 36. Rd8+ Ka7 37. Rg8 Rg5 38. Kg2 h5 39. f4 Rg6 40. Rh8 f5 41. Rxh5 Rf6 42. Rh7 Rg6 43. h4 Kxa6 44. h5 Rh6 45. Rxg7 Rxh5 46. Rxf7 Kb6 47. g4 fxg4 48. Kg3 Kc6 49. Kxg4 Rh8 50. Kg5 Kd6 51. f5 Rg8+ 52. Kf6 Rh8 53. Kg6 Rh1 54. Ra7 Rg1+ 55. Kf7 Rf1 56. f6 Rf2 57. Ra1 1-0

[Event "Deutschland Cup"]
[Site "Deutschland Cup"]
[Date "1989.??.??"]
[Round "?"]
[White "Huebner, Robert"]
[Black "Christiansen, Larry M"]
[Result "1/2-1/2"]
[WhiteElo "2600"]
[BlackElo "2530"]
[PlyCount "53"]
[EventDate "1989.??.??"]
[Source "www.chesslib.no"]
[SourceDate "2004.05.04"]

1. e4 c6 2. d4 d5 3. Nc3 dxe4 4. Nxe4 Nf6 5. Nxf6+ exf6 6. Bc4 Qe7+ 7. Qe2 Be6 8. Bb3 a5 9. Nf3 a4 10. Bxe6 Qxe6 11. Be3 Be7 12. O-O O-O 13. c4 Na6 14. Rfe1 Rfe8 15. Qc2 Nb4 16. Qc3 Qf5 17. a3 Nc2 18. Nh4 Qe4 19. f3 Qxh4 20. Qxc2 Bd6 21. g3 Qh3 22. Bf2 h6 23. Re4 Rf8 24. Qb3 Rfd8 25. Qxb7 g5 26. Rg4 Qh4 27. Qc7 1/2-1/2

[Event "FRG-CupT"]
[Site "Germany"]
[Date "1989.??.??"]
[Round "3"]
[White "Huebner, Robert"]
[Black "Christiansen, Larry Mark"]
[Result "1/2-1/2"]
[WhiteElo "2600"]
[BlackElo "2530"]
[PlyCount "104"]
[EventDate "1989.??.??"]
[Source "ChessBase"]

1. e4 c6 2. d4 d5 3. Nc3 dxe4 4. Nxe4 Nf6 5. Nxf6+ exf6 6. Bc4 Qe7+ 7. Qe2 Be6 8. Bb3 a5 9. Nf3 a4 10. Bxe6 Qxe6 11. Be3 Be7 12. O-O O-O 13. c4 Na6 14. Rfe1 Rfe8 15. Qc2 Nb4 16. Qc3 Qf5 17. a3 Nc2 18. Nh4 Qe4 19. f3 Qxh4 20. Qxc2 Bd6 21. g3 Qh3 22. Bf2 h5 23. Re4 Rxe4 24. Qxe4 f5 25. Qe3 f4 26. gxf4 Qf5 27. Qe4 Qxf4 28. Qxf4 Bxf4 29. Rd1 f6 30. Bg3 Bxg3 31. hxg3 Kf7 32. d5 Rd8 33. Kf2 cxd5 34. cxd5 Rc8 35. Ke3 Ke7 36. d6+ Kd7 37. Rd5 Rc2 38. Rb5 Kxd6 39. Rxb7 g5 40. f4 g4 41. Ke4 Rg2 42. Rb5 Rxg3 43. Rxh5 Rb3 44. Rh2 g3 45. Rd2+ Ke6 46. f5+ Kf7 47. Kf4 Kg7 48. Rd7+ Kh6 49. Rf7 Rb6 50. Kxg3 Kg5 51. Rg7+ Kxf5 52. Ra7 Rb3+ 1/2-1/2

[Event "Dos Hermanas ESP"]
[Site "?"]
[Date "2006.03.24"]
[Round "1.2"]
[White "Petrosian Tigran L"]
[Black "Deviatkin Andrei"]
[Result "1-0"]
[WhiteElo "2558"]
[BlackElo "2528"]
[PlyCount "129"]
[EventDate "2006.??.??"]
[Source "www.chesslib.no"]
[SourceDate "2004.05.04"]

1. e4 c6 2. d4 d5 3. Nc3 dxe4 4. Nxe4 h6 5. Bd3 Bf5 6. Qf3 e6 7. Ne2 Nd7 8. O-O Bxe4 9. Bxe4 Ngf6 10. Bd3 Bd6 11. c3 Qc7 12. Ng3 O-O-O 13. b4 h5 14. h3 h4 15. Ne4 Nxe4 16. Bxe4 Nf6 17. Bg5 Be7 18. Bxf6 gxf6 19. a4 f5 20. Bd3 Bg5 21. Bxf5 Qf4 22. Be4 Qxf3 23. Bxf3 Kc7 24. Ra2 Rhe8 25. Re1 Bf6 26. Rae2 a5 27. b5 cxb5 28. axb5 Kb6 29. Re4 Re7 30. Rb1 Rc8 31. Rb3 Rec7 32. Re3 Be7 33. Bh5 a4 34. Rb1 Rxc3 35. Rxc3 Rxc3 36. Bxf7 Bf6 37. Rd1 Kxb5 38. Bxe6 Kc6 39. Bf7 Kd6 40. Rb1 Bxd4 41. Rxb7 Rc1+ 42. Kh2 Bxf2 43. g4 hxg3+ 44. Kg2 Rg1+ 45. Kf3 Bc5 46. h4 a3 47. h5 Rf1+ 48. Kxg3 Rxf7 49. Rxf7 a2 50. Rf6+ Ke5 51. Ra6 Be3 52. Rxa2 Kf5 53. Ra5+ Kf6 54. Kf3 Bd2 55. Rb5 Kg7 56. Kg4 Kh7 57. Kf5 Bc1 58. Rd5 Be3 59. Rd6 Bc1 60. Kg4 Be3 61. Rd1 Kh6 62. Rd7 Bc1 63. Kf5 Kxh5 64. Rh7+ Bh6 65. Rh8 1-0

[Event "Polish Extraleague"]
[Site "Lubniewice"]
[Date "2003.09.04"]
[Round "6"]
[White "Acs, Peter"]
[Black "Urban, Klaudiusz"]
[Result "1-0"]
[WhiteElo "2606"]
[BlackElo "2455"]
[PlyCount "81"]
[EventDate "2003.08.30"]
[Source "Roberto Alvarez"]
[SourceDate "2003.09.15"]

1. e4 c6 2. d4 d5 3. Nc3 dxe4 4. Nxe4 h6 5. Nf3 Bg4 6. c3 Nd7 7. Bc4 e6 8. Ng3 Ngf6 9. h3 Bxf3 10. Qxf3 Bd6 11. O-O Qc7 12. Bd2 O-O 13. Rad1 Rfd8 14. Bb3 c5 15. Bc1 a5 16. Bc2 Rac8 17. a4 Bf8 18. Ne4 cxd4 19. Rxd4 Nxe4 20. Rxe4 Qc6 21. Qe2 Nf6 22. Re3 g6 23. Re1 Bg7 24. Rf3 Nd5 25. Qe4 Nf6 26. Qe2 Nd5 27. Rg3 Ne7 28. Be4 Qxa4 29. Bxb7 Rc7 30. Ba6 Qb3 31. Rg4 Nd5 32. Bd3 Qb6 33. Bc2 Rdc8 34. Rg3 Qc6 35. Bxg6 fxg6 36. Rxg6 Qe8 37. Rxe6 Qf7 38. Bxh6 Bxh6 39. Rxh6 Qf5 40. Rh5 Qf7 41. Qg4+ 1-0

[Event "Buenos Aires Najdorf"]
[Site "Buenos Aires"]
[Date "1996.??.??"]
[Round "4"]
[White "Spangenberg, Hugo"]
[Black "Ricardi, Pablo"]
[Result "1/2-1/2"]
[WhiteElo "2505"]
[BlackElo "2555"]
[PlyCount "26"]
[EventDate "1996.04.??"]
[Source "ChessBase"]

1. e4 c6 2. d4 d5 3. Nc3 dxe4 4. Nxe4 Nf6 5. Nxf6+ exf6 6. Bc4 Qe7+ 7. Qe2 Be6 8. Bxe6 Qxe6 9. Qxe6+ fxe6 10. Bf4 Na6 11. Nf3 O-O-O 12. O-O-O Bd6 13. Bxd6 Rxd6 1/2-1/2

[Event "National I"]
[Site "Drancy"]
[Date "2003.02.01"]
[Round "2"]
[White "Fressinet, Laurent"]
[Black "Miralles, Gilles"]
[Result "1/2-1/2"]
[WhiteElo "2593"]
[BlackElo "2451"]
[PlyCount "58"]
[EventDate "2003.01.31"]
[Source "Roberto Alvarez"]
[SourceDate "2003.02.17"]

1. e4 c6 2. d4 d5 3. Nc3 dxe4 4. Nxe4 Nf6 5. Nxf6+ exf6 6. c3 Bd6 7. Bd3 O-O 8. Ne2 Re8 9. Qc2 Kh8 10. Be3 Nd7 11. Qd2 Qc7 12. h3 Nb6 13. c4 c5 14. d5 Nd7 15. f4 b5 16. b3 bxc4 17. bxc4 f5 18. O-O Nf6 19. Nc3 Bd7 20. Qf2 Re7 21. Rab1 Rae8 22. Bd2 Qc8 23. Rb3 Qa6 24. Rc1 h6 25. Qf1 Kg8 26. Rcb1 Bc7 27. Qf2 Bd6 28. Qf1 Bc7 29. Qf2 Bd6 1/2-1/2

[Event "CZE, Extraliga 2004/05"]
[Site "?"]
[Date "2004.??.??"]
[Round "4.1"]
[White "Hracek Zbynek"]
[Black "Meduna Eduard"]
[Result "1-0"]
[WhiteElo "2595"]
[BlackElo "2441"]
[PlyCount "73"]
[EventDate "2004.??.??"]
[Source "www.chesslib.no"]
[SourceDate "2004.05.04"]

1. e4 c6 2. d4 d5 3. Nc3 dxe4 4. Nxe4 Nf6 5. Nxf6+ exf6 6. c3 Bd6 7. Bd3 O-O 8. Ne2 Nd7 9. Qc2 h6 10. Be3 Re8 11. O-O-O Nf8 12. Kb1 Be6 13. c4 Rc8 14. Nc3 a6 15. c5 Bc7 16. Be4 Bg4 17. f3 Bh5 18. d5 Rxe4 19. Nxe4 cxd5 20. Qb3 Bg6 21. g4 Qe8 22. Qxd5 Be5 23. Ka1 Qb5 24. Rd2 Bxe4 25. Qxe4 Re8 26. Qc2 Ne6 27. Rhd1 Rc8 28. f4 Bc7 29. Qb3 Qc6 30. Qd5 Bxf4 31. Bxf4 Nxf4 32. Qxc6 Rxc6 33. Rd8+ Kh7 34. b4 Re6 35. R8d7 Ne2 36. Rxb7 Nc3 37. Rc1 1-0

[Event "1st Serbian League Men"]
[Site "Zlatibor SRB"]
[Date "2007.08.31"]
[Round "10"]
[White "Ivanovic, B."]
[Black "Miladinovic, I."]
[Result "0-1"]
[WhiteElo "2426"]
[BlackElo "2605"]
[PlyCount "82"]
[EventDate "2007.08.21"]
[Source "www.chesslib.no"]
[SourceDate "2004.05.04"]

1. e4 c6 2. d4 d5 3. Nc3 dxe4 4. Nxe4 Nf6 5. Nxf6+ exf6 6. Bc4 Qe7+ 7. Qe2 Be6 8. Bxe6 Qxe6 9. Be3 Bd6 10. Nf3 O-O 11. O-O Nd7 12. Rfe1 Nb6 13. c3 Rfe8 14. Qc2 Nd5 15. Bd2 Qd7 16. Rxe8+ Rxe8 17. c4 Nf4 18. Bxf4 Bxf4 19. g3 Bc7 20. Rd1 h5 21. Kg2 Bd6 22. d5 Bc5 23. dxc6 Qxc6 24. Rd5 g6 25. Qd2 Re4 26. b3 Kg7 27. Qd3 Re7 28. h3 b6 29. Qd2 a5 30. Qd3 Qe6 31. Rd8 a4 32. Qd2 axb3 33. axb3 Ra7 34. Qe1 Qc6 35. Rd5 Ra2 36. Kh1 Rxf2 37. Qe4 Qc8 38. g4 hxg4 39. Nd4 g3 40. Qg4 Qxg4 41. hxg4 Rh2+ 0-1

[Event "Malaga op 3rd"]
[Site "Malaga"]
[Date "2000.02.28"]
[Round "4"]
[White "Kolev, Atanas"]
[Black "Rivas Pastor, Manuel"]
[Result "1-0"]
[WhiteElo "2548"]
[BlackElo "2453"]
[PlyCount "39"]
[EventDate "2000.02.25"]
[Source "ChessBase"]
[SourceDate "2000.03.10"]

1. e4 c6 2. d4 d5 3. Nc3 dxe4 4. Nxe4 Qb6 5. c3 Nd7 6. Nf3 Ngf6 7. Ng3 c5 8. Bc4 cxd4 9. Nxd4 Ne5 10. Bb5+ Bd7 11. Qe2 Nc6 12. O-O a6 13. Bxc6 Bxc6 14. Ngf5 Bd7 15. Bf4 e6 16. Rfd1 Nd5 17. Bg3 O-O-O 18. Nb3 f6 19. c4 exf5 20. cxd5 1-0

[Event "RUS-ch"]
[Site "Elista"]
[Date "1995.??.??"]
[Round "3"]
[White "Tseshkovsky, Vitaly"]
[Black "Panchenko, Alexander N"]
[Result "1/2-1/2"]
[WhiteElo "2540"]
[BlackElo "2460"]
[PlyCount "20"]
[EventDate "1995.10.??"]
[Source "ChessBase"]

1. e4 c6 2. d4 d5 3. Nc3 dxe4 4. Nxe4 Nf6 5. Nxf6+ exf6 6. Bc4 Bd6 7. Qe2+ Qe7 8. Qxe7+ Kxe7 9. Ne2 Be6 10. Bb3 a5 1/2-1/2

[Event "Viking GM"]
[Site "?"]
[Date "2005.07.13"]
[Round "7"]
[White "Klimov Sergey"]
[Black "Deviatkin Andrei"]
[Result "0-1"]
[WhiteElo "2475"]
[BlackElo "2521"]
[PlyCount "114"]
[EventDate "2005.??.??"]
[Source "www.chesslib.no"]
[SourceDate "2004.05.04"]

1. e4 c6 2. d4 d5 3. Nc3 dxe4 4. Nxe4 h6 5. Nf3 Bf5 6. Ng3 Bh7 7. Bc4 e6 8. O-O Nd7 9. Qe2 Ngf6 10. Ne5 Nxe5 11. dxe5 Nd5 12. f4 Bc5+ 13. Kh1 Ne7 14. b4 Bd4 15. Rb1 b5 16. Bb3 O-O 17. Ne4 a5 18. bxa5 Qxa5 19. Bd2 Qc7 20. Rbc1 Bb6 21. c4 bxc4 22. Rxc4 Nf5 23. Bb4 Rfd8 24. Bd6 Qa7 25. Rfc1 Nd4 26. Qe1 Bf5 27. Ng3 Bg6 28. Ra4 Qb7 29. Rxa8 Rxa8 30. Bc4 h5 31. h3 h4 32. Ne4 Bxe4 33. Qxe4 Nf5 34. Kh2 Be3 35. Rd1 Ra4 36. Rd3 Rxc4 37. Qxc4 Qb1 38. Rxe3 Nxe3 39. Qxc6 Nf1+ 40. Kg1 Ng3+ 41. Kf2 Qxa2+ 42. Ke3 Qe2+ 43. Kd4 Nf5+ 44. Kc3 Qe3+ 45. Kb2 Nd4 46. Qc8+ Kh7 47. Qc4 Qd2+ 48. Ka1 Qxf4 49. Qd3+ Nf5 50. Kb1 Qg3 51. Qe4 Qb3+ 52. Ka1 Qe3 53. Qg4 Qd4+ 54. Qxd4 Nxd4 55. Kb2 Ne2 56. Be7 Nf4 57. Bxh4 Nxg2 0-1

[Event "BL2-West 0304"]
[Site "Germany"]
[Date "2004.??.??"]
[Round "?.2"]
[White "Marciano, David"]
[Black "Saltaev, Mihail"]
[Result "1-0"]
[WhiteElo "2510"]
[BlackElo "2480"]
[PlyCount "168"]
[EventDate "2003.10.??"]
[Source "Roberto Alvarez"]
[SourceDate "2004.07.26"]

1. e4 c6 2. d4 d5 3. Nc3 dxe4 4. Nxe4 Nf6 5. Nxf6+ exf6 6. c3 Bd6 7. Bd3 O-O 8. Qc2 Re8+ 9. Ne2 g6 10. h4 Nd7 11. h5 Nf8 12. hxg6 fxg6 13. Bh6 Qc7 14. O-O-O Be6 15. Rh4 Qf7 16. Rdh1 Re7 17. b3 b5 18. Bxf8 Rxf8 19. Rxh7 Qxh7 20. Rxh7 Rxh7 21. Bxg6 Rg7 22. Be4 Bd7 23. Bf5 Be8 24. Qe4 Re7 25. Qg4+ Rg7 26. Qf3 Re7 27. Ng3 Bxg3 28. Qxg3+ Rg7 29. Be6+ Bf7 30. Bxf7+ Rfxf7 31. Qf3 Rc7 32. Qxf6 Rcf7 33. Qe6 Rxg2 34. Kb2 Rgxf2+ 35. Ka3 R2f6 36. Qc8+ Kg7 37. Kb4 Re7 38. Qg4+ Kf7 39. Kc5 Ree6 40. Qh5+ Ke7 41. Qh2 Rf5+ 42. Kb4 Rd6 43. Qh4+ Rff6 44. Qh8 Rd7 45. Qg7+ Ke6 46. Qg8+ Ke7 47. Qg5 Kf7 48. Qh5+ Ke7 49. Qe5+ Re6 50. Qb8 Red6 51. a3 Re6 52. a4 bxa4 53. Kxa4 Red6 54. b4 Rd5 55. Qc8 R5d6 56. Kb3 Rd8 57. Qc7+ R8d7 58. Qb8 Rd5 59. Qc8 R5d6 60. Kc4 Rd8 61. Qc7+ R8d7 62. Qb8 Rd5 63. Qc8 R5d6 64. Qh8 Rd5 65. Qh6 R5d6 66. Qh4+ Ke8 67. Qg4 Kd8 68. Qg8+ Ke7 69. Qg7+ Ke8 70. Qg3 Kd8 71. Kc5 Ke7 72. Qe5+ Re6 73. Qg5+ Kf7 74. c4 Rf6 75. Qh5+ Kf8 76. Qe5 Kf7 77. b5 cxb5 78. Kxb5 Rb6+ 79. Kc5 Re7 80. Qh5+ Kf6 81. d5 Rd7 82. Qe8 Rbd6 83. Qf8+ Ke5 84. Qb8 a6 1-0

[Event "Toth Memorial"]
[Site "Kecskemet HUN"]
[Date "1972.??.??"]
[Round "?"]
[White "Ribli, Zoltan"]
[Black "Bilek, Istvan"]
[Result "1/2-1/2"]
[WhiteElo "2505"]
[BlackElo "2485"]
[PlyCount "28"]
[EventDate "1972.??.??"]
[Source "www.chesslib.no"]
[SourceDate "2004.05.04"]

1. e4 c6 2. d4 d5 3. Nc3 dxe4 4. Nxe4 Nf6 5. Nxf6+ exf6 6. Bc4 Qe7+ 7. Qe2 Bg4 8. f3 Be6 9. Bxe6 Qxe6 10. Bf4 Be7 11. a3 O-O 12. O-O-O Re8 13. Qxe6 fxe6 14. Ne2 Nd7 1/2-1/2

[Event "URS Cup"]
[Site "Tbilisi"]
[Date "1974.??.??"]
[Round "?"]
[White "Machulsky, Anatoly D"]
[Black "Bronstein, David I"]
[Result "1/2-1/2"]
[WhiteElo "2390"]
[BlackElo "2595"]
[PlyCount "72"]
[EventDate "1974.??.??"]
[Source "ChessBase"]

1. e4 c6 2. d4 d5 3. Nc3 dxe4 4. Nxe4 Nf6 5. Nxf6+ exf6 6. Bc4 Qe7+ 7. Qe2 Be6 8. Bxe6 Qxe6 9. Nh3 g5 10. f4 g4 11. Nf2 f5 12. h3 g3 13. Nd3 Nd7 14. Qxe6+ fxe6 15. Be3 Nf6 16. Ne5 Bd6 17. Ke2 h5 18. Nf3 h4 19. Ng5 Kd7 20. Rhe1 Nd5 21. Kf3 b5 22. Bd2 Rhe8 23. Re2 Re7 24. a3 c5 25. dxc5 Bxc5 26. Rd1 Rae8 27. Bb4 Bxb4 28. axb4 Kc6 29. c3 e5 30. fxe5 Rxe5 31. Rde1 Rxe2 32. Rxe2 Rxe2 33. Kxe2 Nf4+ 34. Kf3 Nd3 35. Ke2 Nf4+ 36. Kf3 Nd3 1/2-1/2

[Event "Clare Benedict Cup"]
[Site "Copenhagen DEN"]
[Date "1977.??.??"]
[Round "7.3"]
[White "Calvo Minguez, Ricardo"]
[Black "Andersson, Ulf"]
[Result "0-1"]
[WhiteElo "2420"]
[BlackElo "2565"]
[PlyCount "148"]
[EventDate "1977.??.??"]
[Source "www.chesslib.no"]
[SourceDate "2004.05.04"]

1. e4 c6 2. d4 d5 3. Nc3 dxe4 4. Nxe4 Nf6 5. Nxf6+ exf6 6. Bc4 Qe7+ 7. Qe2 Bg4 8. Qxe7+ Bxe7 9. Bd2 O-O 10. Ne2 Nd7 11. O-O Nb6 12. Bd3 Rfd8 13. Rfe1 Bf8 14. c3 c5 15. Be3 Nd5 16. Ng3 Rac8 17. Be4 Nxe3 18. fxe3 b5 19. d5 Bd7 20. Bc2 c4 21. e4 Re8 22. Rf1 Re5 23. Rad1 Bc5+ 24. Kh1 Kf8 25. h3 Rce8 26. b4 Bd6 27. Rf3 h5 28. Rdf1 Ke7 29. Ne2 a5 30. a3 Ra8 31. Nd4 Kd8 32. Rg3 Bf8 33. Nf3 Re8 34. e5 fxe5 35. Ng5 f6 36. Nh7 axb4 37. axb4 Ra2 38. Bg6 h4 39. Bxe8 Kxe8 40. Rg6 Kf7 41. Nxf6 Kxg6 42. Nxd7 Bd6 43. Nc5 Rd2 44. Ne4 Rxd5 45. Kg1 Be7 46. Kf2 Kf5 47. Ke3+ Ke6 48. Ke2 Rd3 49. Rf3 Rd8 50. Rf1 Ra8 51. Rd1 Ra3 52. Rb1 Kf5 53. Kf3 Rb3 54. Rf1 Ke6 55. Kf2 g6 56. Re1 Kf5 57. Re2 Ra3 58. g3 Ra1 59. Kf3 Rf1+ 60. Kg2 Rd1 61. g4+ Ke6 62. Rd2 Rxd2+ 63. Nxd2 Kd5 64. Kf3 Bxb4 65. cxb4 c3 66. Nb3 Kc4 67. Nc1 Kxb4 68. Ke2 Ka3 69. Kd1 Kb2 70. Nd3+ Kb1 71. Nb4 e4 72. Nc2 e3 73. Nd4 b4 74. g5 Kb2 0-1

[Event "Kladovo"]
[Site "?"]
[Date "1980.04.20"]
[Round "11"]
[White "Rajkovic Dusan"]
[Black "Sahovic Dragutin"]
[Result "1/2-1/2"]
[WhiteElo "2495"]
[BlackElo "2485"]
[PlyCount "25"]
[EventDate "1980.??.??"]
[Source "www.chesslib.no"]
[SourceDate "2004.05.04"]

1. e4 c6 2. d4 d5 3. Nc3 dxe4 4. Nxe4 Nf6 5. Nxf6+ exf6 6. Bc4 Bd6 7. Qe2+ Qe7 8. Bd2 Qxe2+ 9. Nxe2 O-O 10. O-O-O Nd7 11. Bf4 Bxf4+ 12. Nxf4 Nb6 13. Bb3 1/2-1/2

[Event "Villa Gesell"]
[Site "Villa Gesell"]
[Date "1996.??.??"]
[Round "8"]
[White "Spangenberg, Hugo"]
[Black "Soppe, Guillermo"]
[Result "1/2-1/2"]
[WhiteElo "2505"]
[BlackElo "2465"]
[PlyCount "68"]
[EventDate "1996.03.??"]
[Source "ChessBase"]

1. e4 c6 2. d4 d5 3. Nc3 dxe4 4. Nxe4 Nf6 5. Nxf6+ exf6 6. Bc4 Qe7+ 7. Qe2 Be6 8. Bxe6 Qxe6 9. Bf4 Na6 10. O-O-O O-O-O 11. Qxe6+ fxe6 12. Nf3 Bd6 13. Bg3 Nc7 14. Rhe1 Rhe8 15. c4 b6 16. Kc2 Rd7 17. Kc3 Red8 18. Rd2 Kb7 19. a3 a5 20. Bxd6 Rxd6 21. h4 h5 22. Re4 R6d7 23. b3 Ra8 24. Ne1 c5 25. Nd3 Rxd4 26. Rxd4 cxd4+ 27. Kxd4 Rd8+ 28. Ke3 Rh8 29. b4 axb4 30. axb4 g5 31. hxg5 fxg5 32. Ne5 b5 33. cxb5 Kb6 34. Nf7 Rg8 1/2-1/2

[Event "Haringey"]
[Site "London ENG"]
[Date "1988.??.??"]
[Round "?"]
[White "Abramovic, Bosko"]
[Black "Hodgson, Julian M"]
[Result "0-1"]
[WhiteElo "2445"]
[BlackElo "2525"]
[PlyCount "44"]
[EventDate "1988.07.??"]
[Source "www.chesslib.no"]
[SourceDate "2004.05.04"]

1. e4 c6 2. d4 d5 3. Nc3 dxe4 4. Nxe4 Nf6 5. Nxf6+ exf6 6. c3 Bd6 7. Bd3 O-O 8. Ne2 Re8 9. Qc2 g6 10. h4 Be6 11. h5 f5 12. Bh6 g5 13. Qd2 f4 14. g3 Bg4 15. gxf4 Bxf4 16. Qxf4 gxf4 17. Rg1 Qh4 18. O-O-O Kh8 19. f3 Qxh5 20. fxg4 Qxh6 21. g5 Qh2 22. Rh1 Rxe2 0-1

[Event "Essent op"]
[Site "Hoogeveen"]
[Date "2002.10.14"]
[Round "4"]
[White "Van de Oudeweetering, Arthur"]
[Black "Rogers, Ian"]
[Result "0-1"]
[WhiteElo "2413"]
[BlackElo "2557"]
[PlyCount "102"]
[EventDate "2002.10.11"]
[Source "ChessBase"]
[SourceDate "2002.11.06"]

1. e4 c6 2. d4 d5 3. Nc3 dxe4 4. Nxe4 Nf6 5. Nxf6+ exf6 6. c3 Bd6 7. Bd3 O-O 8. Ne2 Re8 9. O-O g6 10. Bf4 Bg4 11. Bxd6 Qxd6 12. h3 Bxe2 13. Bxe2 Nd7 14. Bf3 Nf8 15. Qb3 Re7 16. Rae1 Rae8 17. Rxe7 Rxe7 18. Qa3 Qxa3 19. bxa3 Nd7 20. a4 Nb6 21. a5 Nc4 22. a6 Nd2 23. axb7 Nxf3+ 24. gxf3 Rxb7 25. Re1 Kf8 26. Re2 Rb1+ 27. Kg2 Rc1 28. Rb2 Rxc3 29. Rb8+ Kg7 30. Rb4 c5 31. dxc5 Rxc5 32. Ra4 a5 33. Rd4 f5 34. f4 h5 35. Kg3 Rc3+ 36. Kg2 Ra3 37. Rd2 h4 38. Re2 Kf6 39. Rb2 Ke6 40. Rd2 a4 41. f3 f6 42. Kf2 g5 43. Kg2 Rc3 44. Kf2 Rc4 45. Ke3 Rxf4 46. Rb2 Rc4 47. Kd3 Rc1 48. Rb4 Rh1 49. Rxa4 Rxh3 50. Ke2 Rh2+ 51. Kf1 h3 0-1

[Event "Corr"]
[Site "?"]
[Date "1998.??.??"]
[Round "?"]
[White "Geenen Marc"]
[Black "Mirkovic Slobodan"]
[Result "1/2-1/2"]
[WhiteElo "2575"]
[BlackElo "2390"]
[PlyCount "59"]
[EventDate "1998.??.??"]
[Source "www.chesslib.no"]
[SourceDate "2004.05.04"]

1. e4 c6 2. d4 d5 3. Nc3 dxe4 4. Nxe4 Nf6 5. Nxf6+ exf6 6. c3 Be6 7. Bd3 Bd6 8. Ne2 Qc7 9. Qc2 Nd7 10. c4 Bb4+ 11. Bd2 Bxd2+ 12. Qxd2 O-O 13. O-O Nb6 14. b3 Rfe8 15. Qf4 Qd7 16. Nc3 Rad8 17. Rad1 Bg4 18. f3 Bh5 19. c5 Nd5 20. Nxd5 Qxd5 21. Bc4 Qd7 22. b4 Bg6 23. d5 Bc2 24. dxc6 Qxc6 25. Bxf7+ Kxf7 26. Qc4+ Qe6 27. Qxc2 Qe3+ 28. Qf2 Qc3 29. Rc1 Qd3 30. Rfe1 1/2-1/2

[Event "SCO-ch CXI"]
[Site "Hamilton"]
[Date "2004.07.11"]
[Round "2"]
[White "Aagaard, Jacob"]
[Black "Motwani, Paul"]
[Result "1-0"]
[WhiteElo "2411"]
[BlackElo "2552"]
[PlyCount "78"]
[EventDate "2004.07.10"]
[Source "Roberto Alvarez"]
[SourceDate "2004.07.12"]

1. e4 c6 2. d4 d5 3. Nc3 dxe4 4. Nxe4 Nf6 5. Nxf6+ exf6 6. c3 Qd5 7. Ne2 Bd6 8. Nf4 Qe4+ 9. Qe2 Qxe2+ 10. Bxe2 O-O 11. Be3 Re8 12. Kd2 Nd7 13. Bd3 c5 14. Nd5 cxd4 15. cxd4 Nb8 16. Bf4 Be6 17. Nxf6+ gxf6 18. Bxd6 Nc6 19. Bf4 Nxd4 20. Be3 Nc6 21. Rhd1 Nb4 22. a3 Nxd3 23. Kxd3 Rad8+ 24. Ke2 a6 25. f3 Kg7 26. Kf2 Rxd1 27. Rxd1 Rc8 28. Bd4 a5 29. h4 Kg6 30. Bc3 a4 31. g4 f5 32. h5+ Kg5 33. gxf5 Kxf5 34. Rg1 h6 35. Rg7 Rd8 36. Rg4 b5 37. Kg3 Rd1 38. Re4 Rg1+ 39. Kf2 Rh1 1-0

[Event "Kavala"]
[Site "?"]
[Date "2006.07.06"]
[Round "4"]
[White "Shavtvaladze Nikoloz"]
[Black "Gelashvili Tamaz"]
[Result "1/2-1/2"]
[WhiteElo "2383"]
[BlackElo "2575"]
[PlyCount "88"]
[EventDate "2006.??.??"]
[Source "www.chesslib.no"]
[SourceDate "2004.05.04"]

1. e4 c6 2. d4 d5 3. Nc3 dxe4 4. Nxe4 Nf6 5. Nxf6+ exf6 6. c3 Bd6 7. Bd3 O-O 8. Qc2 g6 9. Ne2 Re8 10. Be3 f5 11. O-O Nd7 12. Qd2 Qc7 13. h3 Nf6 14. Bg5 Ne4 15. Bxe4 fxe4 16. Bf4 a5 17. c4 b5 18. cxb5 cxb5 19. Rfc1 Bxf4 20. Nxf4 Qd6 21. Rc5 b4 22. a3 Bb7 23. Ne2 Red8 24. Rac1 bxa3 25. bxa3 a4 26. Rb5 Ba6 27. Rb4 Rdb8 28. Rxa4 Bxe2 29. Rxa8 Rxa8 30. Qxe2 Qxd4 31. Rc4 Qa1+ 32. Kh2 Qe5+ 33. g3 e3 34. Qxe3 Qxe3 35. fxe3 Rxa3 36. Re4 Ra2+ 37. Kg1 g5 38. h4 h6 39. hxg5 hxg5 40. g4 f6 41. Kf1 Kf7 42. Kg1 Rb2 43. Kf1 f5 44. Re5 fxg4 1/2-1/2